Taylor Swift song - one word at the time #16 - Statistics

General Stats
  • This quiz has been taken 22 times
  • The average score is 202 of 282
Answer Stats
Answer % Correct
I
100%
I'm
100%
love
100%
the
100%
a
94%
A
94%
and
94%
And
94%
on
89%
we
89%
he
83%
He
83%
it
83%
It
83%
it's
83%
me
83%
my
83%
My
83%
when
83%
like
78%
Like
78%
midnight
78%
of
78%
All
72%
all
72%
But
72%
for
72%
him
72%
his
72%
kind
72%
Midnights
72%
midnights
72%
never
72%
So
72%
that
72%
this
72%
was
72%
away
67%
boy
67%
broke
67%
cause
67%
Cause
67%
day
67%
Rain
67%
every
67%
gave
67%
heart
67%
in
67%
Just
67%
just
67%
pain
67%
rain
67%
Rain
67%
wanted
67%
what
67%
bride
61%
changed
61%
Chasing
61%
comfortable
61%
Except
61%
fame
61%
get
61%
guess
61%
life
61%
making
61%
name
61%
nice
61%
own
61%
paradise
61%
same
61%
some
61%
Some
61%
sometimes
61%
stayed
61%
sunshine
61%
think
61%
thinks
61%
time
61%
TV
61%
came
56%
Midnight Rain
56%
montage
56%
potion
56%
things
56%
town
56%
wasteland
56%
candy
50%
Full
50%
full
50%
haunted
50%
ocean
50%
off
50%
peppermint
50%
perfect
50%
Picture
50%
postcard
50%
through
50%
window
50%
family
44%
Holiday
44%
motion
44%
pretenders
44%
queens
44%
slow
44%
big
39%
cages
39%
deep
39%
fences
39%
Jumping
39%
Pageant
39%
peered
39%
portal
39%
shiny
39%
travel
39%
unravel
39%
No matching quizzes found
Score Distribution
Percent of People with Each Score
Percentile by Number Answered
Your Score History
You have not taken this quiz